Planning & scheduling, value engineering, health & safety & risk management (D-type apartments risalpur cantt)/ (Record no. 550851)
[ view plain ]
| 000 -LEADER | |
|---|---|
| fixed length control field | 00415nam a22001337a 4500 |
| 082 ## - DEWEY DECIMAL CLASSIFICATION NUMBER | |
| Classification number | P-580 |
| 100 ## - MAIN ENTRY--PERSONAL NAME | |
| Personal name | Adnan Arshad. |
| 9 (RLIN) | 47666 |
| 245 ## - TITLE STATEMENT | |
| Title | Planning & scheduling, value engineering, health & safety & risk management (D-type apartments risalpur cantt)/ |
| Remainder of title | Adnan Arshad, Aqib Iaved. |
| 260 ## - PUBLICATION, DISTRIBUTION, ETC. | |
| Place of publication, distribution, etc. | MCE |
| Date of publication, distribution, etc. | 2014. |
| 526 ## - STUDY PROGRAM INFORMATION NOTE | |
| Program name | 0 |
| Interest level | 0 |
| Reading level | 0 |
| Title point value | P_580 |
| 650 ## - SUBJECT ADDED ENTRY--TOPICAL TERM | |
| Topical term or geographic name entry element | Project. |
| 700 ## - ADDED ENTRY--PERSONAL NAME | |
| Personal name | Shahnila Gul. |
| 9 (RLIN) | 47685 |
| 942 ## - ADDED ENTRY ELEMENTS (KOHA) | |
| Source of classification or shelving scheme | |
| Koha item type | Book |
| Withdrawn status | Lost status | Source of classification or shelving scheme | Damaged status | Not for loan | Permanent Location | Current Location | Date acquired | Total Checkouts | Full call number | Barcode | Date last seen | Date last checked out | Price effective from | Koha item type | Public note |
|---|---|---|---|---|---|---|---|---|---|---|---|---|---|---|---|
| Military College of Engineering (MCE) | Military College of Engineering (MCE) | 11/26/2014 | 1 | P-580 | MCE-P-580 | 05/20/2015 | 05/13/2015 | 11/26/2014 | Book | Project |
